Sozialistische Finanzwirtschaft Zeitschrift für das Finanz- und Kreditwesen der DDR

Salvato in:
Dettagli Bibliografici
Natura: Periodico
Lingua:tedesco
Pubblicazione: Berlin Wirtschaft 1983
Tags: Aggiungi Tag
Nessun Tag, puoi essere il primo ad aggiungerne!!

MARC

LEADER 00000nas2a22000001 4500
001 s121177
005 20250730114206.3
041 0 |a ger 
044 |a DE 
245 1 0 |a Sozialistische Finanzwirtschaft  |b Zeitschrift für das Finanz- und Kreditwesen der DDR 
264 1 |a Berlin  |b Wirtschaft  |c 1983 
300 |a 1 zv. 
500 |a chýba č. 3, 4, 10, 11, 12 
773 0 |w eu_un_cat*s120787